Contract bridge for three : (Record no. 16722)
[ view plain ]
| 000 -LEADER | |
|---|---|
| fixed length control field | 00871cam a22002411 4500 |
| 001 - CONTROL NUMBER | |
| control field | 16722 |
| 003 - CONTROL NUMBER IDENTIFIER | |
| rucl marc code | BD-RjUL |
| 005 - DATE AND TIME OF LATEST TRANSACTION | |
| control field | 20211209000037.0 |
| 008 - FIXED-LENGTH DATA ELEMENTS--GENERAL INFORMATION | |
| fixed length control field | 140215s1956 nyua 000 0 eng |
| 035 ## - SYSTEM CONTROL NUMBER | |
| System control number | (BD-RjUL)16777 |
| System control number | (OCoLC)2438363 |
| 040 ## - CATALOGING SOURCE | |
| Original cataloging agency | DLC |
| Transcribing agency | P |
| Modifying agency | DLC |
| -- | BD-RjUL |
| Language of cataloging | eng |
| 041 ## - LANGUAGE CODE | |
| Language code of text/sound track or separate title | eng |
| 082 00 - DEWEY DECIMAL CLASSIFICATION NUMBER | |
| Classification number | 795.415 |
| Author mark and year | COC 1956 |
| 100 1# - MAIN ENTRY--PERSONAL NAME | |
| Personal name | Coffin, George Sturgis, |
| Dates associated with a name | 1903- |
| 9 (RLIN) | 51655 |
| 245 10 - TITLE STATEMENT | |
| Title | Contract bridge for three : |
| Remainder of title | Rules and tactics of trio bridge, the official form of three-handed contract bridge; based upon partnership bidding against one player and his exposed dummy / |
| Statement of responsibility, etc. | George Sturgis Coffin, Introd. by Albert H. Morehead. |
| 260 ## - PUBLICATION, DISTRIBUTION, ETC. (IMPRINT) | |
| Place of publication, distribution, etc. | New York : |
| Name of publisher, distributor, etc. | I. Washburn, |
| Date of publication, distribution, etc. | 1956. |
| 300 ## - PHYSICAL DESCRIPTION | |
| Pagination | 53 p. : |
| Illustrations | illus. ; |
| Size | 20 cm. |
| 650 #0 - SUBJECT ADDED ENTRY--TOPICAL TERM | |
| Topical term or geographic name as entry element | Three-handed bridge. |
| 9 (RLIN) | 51656 |
| 942 ## - ADDED ENTRY ELEMENTS (KOHA) | |
| Source of classification or shelving scheme | Dewey Decimal Classification |
| Koha item type | Books |
| Lost status | Source of classification or shelving scheme | Damaged status | Not for loan | Collection code | Permanent Location | Current Location | Shelving location | Date acquired | Source of acquisition | Cost, normal purchase price | Total Checkouts | Full call number | Date last seen | Copy number | Koha item type |
|---|---|---|---|---|---|---|---|---|---|---|---|---|---|---|---|
| Dewey Decimal Classification | Not For Loan | Non-fiction | Central Library, University of Rajshahi | Central Library, University of Rajshahi | Reading Room | 07/07/1969 | Pak. American Co. | 8.75 | 795.415 COC 1956 | 15/02/2014 | C-1 | Books |